NASA/NSF panel report on satellite comminications systems and technology : Site reports
Đã lưu trong:
| 格式: | 图书 |
|---|---|
| 语言: | Undetermined |
| 出版: |
Baltimore
International Technology Research Institute
1993
|
| 主题: | |
| 标签: |
添加标签
没有标签, 成为第一个标记此记录!
|
| Thư viện lưu trữ: | Trung tâm Học liệu Trường Đại học Cần Thơ |
|---|
| LEADER | 00594nam a2200193Ia 4500 | ||
|---|---|---|---|
| 001 | CTU_99176 | ||
| 008 | 210402s9999 xx 000 0 und d | ||
| 082 | |a 338.4 | ||
| 082 | |b N241/VoI lI/1993 | ||
| 245 | 0 | |a NASA/NSF panel report on satellite comminications systems and technology : | |
| 245 | 0 | |b Site reports | |
| 245 | 0 | |c Burton I. Edelason ... [et al.] | |
| 260 | |a Baltimore | ||
| 260 | |b International Technology Research Institute | ||
| 260 | |c 1993 | ||
| 650 | |a Technology transfer | ||
| 650 | |z Japan | ||
| 904 | |i Giang | ||
| 980 | |a Trung tâm Học liệu Trường Đại học Cần Thơ | ||